The Ring 0 : (Record no. 368670)
[ view plain ]
| 000 -LEADER | |
|---|---|
| fixed length control field | 01125nam a22002777a 4500 |
| 003 - CONTROL NUMBER IDENTIFIER | |
| control field | 0 |
| 005 - DATE AND TIME OF LATEST TRANSACTION | |
| control field | 20251117133436.0 |
| 008 - FIXED-LENGTH DATA ELEMENTS--GENERAL INFORMATION | |
| fixed length control field | 251117b xxu||||| |||| 00| 0 eng d |
| 020 ## - INTERNATIONAL STANDARD BOOK NUMBER | |
| International Standard Book Number | 1-59307-306-2 |
| 050 ## - LIBRARY OF CONGRESS CALL NUMBER | |
| Classification number | PN 6790.J63 |
| Item number | R56 2000 |
| 100 ## - MAIN ENTRY--PERSONAL NAME | |
| Personal name | Suzuki, Koji, |
| Relator term | author. |
| 245 ## - TITLE STATEMENT | |
| Title | The Ring 0 : |
| Remainder of title | birthday / |
| Statement of responsibility, etc | Koji Suzuki ; script by Hiroshi Takahashi ; art by Meimu ; translation by Naomi Kokubo & Steven Hoffman ; lettering by Wilbert Lacuna. |
| 260 ## - PUBLICATION, DISTRIBUTION, ETC. (IMPRINT) | |
| Place of publication, distribution, etc | Milwaukie, OR : |
| Name of publisher, distributor, etc | Dark Horse Manga, |
| Date of publication, distribution, etc | 2000. |
| 300 ## - PHYSICAL DESCRIPTION | |
| Extent | 157 pages : |
| Other physical details | illustrations ; |
| Dimensions | 19 cm. |
| 500 ## - GENERAL NOTE | |
| General note | English translation of the Japanese manga. |
| 520 ## - SUMMARY, ETC. | |
| Summary, etc | Final installment in the Ring manga adaptation, depicting the terrifying events surrounding cursed videotapes and supernatural phenomena. |
| 650 ## - SUBJECT ADDED ENTRY--TOPICAL TERM | |
| Topical term or geographic name as entry element | Horror fiction. |
| 650 ## - SUBJECT ADDED ENTRY--TOPICAL TERM | |
| Topical term or geographic name as entry element | Manga. |
| 650 ## - SUBJECT ADDED ENTRY--TOPICAL TERM | |
| Topical term or geographic name as entry element | Japanese literature $v Comic books, strips, etc. |
| 700 ## - ADDED ENTRY--PERSONAL NAME | |
| Personal name | Takahashi, Hiroshi, |
| Relator term | script. |
| 700 ## - ADDED ENTRY--PERSONAL NAME | |
| Personal name | Meimu, |
| Relator term | illustrator. |
| 700 ## - ADDED ENTRY--PERSONAL NAME | |
| Personal name | Kokubo, Naomi, |
| Relator term | translator. |
| 700 ## - ADDED ENTRY--PERSONAL NAME | |
| Personal name | Hoffman, Steven, |
| Relator term | translator. |
| 700 ## - ADDED ENTRY--PERSONAL NAME | |
| Personal name | Lacuna, Wilbert, |
| Relator term | letterer. |
| 942 ## - ADDED ENTRY ELEMENTS (KOHA) | |
| Source of classification or shelving scheme | Library of Congress Classification |
| Koha item type | Books |
| Withdrawn status | Lost status | Source of classification or shelving scheme | Damaged status | Home library | Current library | Shelving location | Date acquired | Source of acquisition | Sub Shelving location | Total Checkouts | Full call number | Barcode | Date last seen | Price effective from | Koha item type |
|---|---|---|---|---|---|---|---|---|---|---|---|---|---|---|---|
| Library of Congress Classification | Luxembourg Library | Luxembourg Library | Fiction Section | 01/08/2024 | Donation | PN 6790.J63 R56 2000 | 21505 | 11/17/2025 | 11/17/2025 | Books |